000 00902nam a2200253Ia 4500
003 OSt
005 20220923215651.0
006 a|||||r|||| 00| 0
007 ta
008 220922b |||||||| |||| 00| 0 hin d
024 _a180,707
037 _cTextual
040 _aARTS
_cARTS
_bhin
041 _2hin
_ahin
082 _aO152,1N26x, L7
100 _aचोपडा, सुदर्शन, संपा.
_9156370
245 0 _aनीरज
_b हिन्दी के प्रसिद्व गीतकार
246 _aNīraja: hindī ke prasidva gītakāra
260 _aदिल्ली
_b सरस्वती प्रकाशन
_c1977
300 _a179 पृ.
_ccm.
650 _aहिन्दी साहित्य
_9156264
942 _hO152,1N26x, L7
_cTEXL
_2CC
999 _c334085
_d334085